000 00586 a2200229 4500
001 113741
020 _a9781926607252
041 _apor
082 _aP Year 5 [Fic]
250 _a. ed.
300 _a244 p.
697 _aMothers - Death - Fiction.
697 _aAnimal rescue - Fiction.
697 _aFather-daughter relationship - Fiction.
856 _u000008/0000081a.jpg
040 _aBR-BrIDEA
_cBR-BrIDEA
090 _aP Year 5 [Fic]
_bHOO
100 _aHoodCaddy, Karen
_d1948
245 1 0 _aHowl
_c Karen HoodCaddy
260 _aCanada
_bDundurn
_c2011
942 _cBK
999 _c113741
_d113741